| 000 | 00936cam a22002771 4500 | ||
|---|---|---|---|
| 001 | gs 64000087 | ||
| 003 | DLC | ||
| 005 | 20260227111413.0 | ||
| 008 | 720222s1963 xx 000 0 eng | ||
| 010 | _ags 64000087 | ||
| 035 | _a(OCoLC)245824 | ||
| 040 |
_aDLC _cOAkU _dDLC |
||
| 042 | _apremarc | ||
| 050 | 0 | 0 |
_aQE185 _b.A43 no. 89 |
| 100 | 1 | _aHowie, R. D. | |
| 245 | 1 | 0 |
_aBasement features of the Canadian Appalachians, _cby R.D. Howie and L.M. Cumming. |
| 260 |
_a[Ottawa] _bDept. of Mines and Technical Surveys, Canada _c[1963] |
||
| 300 |
_ax, 18 p. _bmaps (7 col.) tables. |
||
| 410 | 2 | 0 |
_aGeological Survey of Canada. _tBulletin _v89 |
| 500 | _aText, plates and fold. illustrative matter in slipcase. | ||
| 500 | _aAbstract also in French. | ||
| 504 | _aBibliography: p. 13-18. | ||
| 650 | 0 |
_aGeology, Stratigraphic _yPrecambrian. |
|
| 650 | 0 |
_aGeology _zMaritime Provinces. |
|
| 700 | 1 |
_aCumming, L. M. _ejoint author. |
|
| 999 |
_c29793 _d29793 |
||